| Tag |
First Indicator |
Second Indicator |
Subfields |
| LEADER |
00000cam a2200000 a 4500 |
| 001 |
in00000029103 |
| 005 |
20151007060055.0 |
| 008 |
861105s1986 nyua b 00010 eng d |
| 020 |
|
|
|a 0874472725
|
| 035 |
|
|
|a (OCoLC)14638251
|
| 035 |
|
|
|9 AAC0022AM
|
| 040 |
|
|
|a EXN
|c EXN
|d GZM
|d m/c
|d TXA
|d UtOrBLW
|
| 043 |
|
|
|a n-us---
|
| 049 |
|
|
|a TXAM
|c [A11689092]
|
| 050 |
|
4 |
|a LB2351.2
|b .H668 1986
|
| 100 |
1 |
|
|a Hossler, Don.
|
| 245 |
1 |
0 |
|a Creating effective enrollment management systems /
|c Don Hossler.
|
| 264 |
|
1 |
|a New York :
|b College Entrance Examination Board,
|c 1986.
|
| 300 |
|
|
|a xi, 141 pages :
|b illustrations ;
|c 23 cm.
|
| 336 |
|
|
|a text
|b txt
|2 rdacontent
|
| 337 |
|
|
|a unmediated
|b n
|2 rdamedia
|
| 338 |
|
|
|a volume
|b nc
|2 rdacarrier
|
| 504 |
|
|
|a Bibliography: pages 137-141.
|
| 650 |
|
0 |
|a Universities and colleges
|z United States
|x Admission.
|
| 650 |
|
0 |
|a Universities and colleges
|z United States
|x Administration.
|
| 999 |
|
|
|a MARS
|
| 999 |
f |
f |
|s 7ee6ecb0-9c97-3067-a191-e90408de5d43
|i e295656a-e54f-3f1b-919c-08d2f044bca2
|t 0
|
| 952 |
f |
f |
|p normal
|a Texas A&M University
|b College Station
|c Sterling C. Evans Library
|d Evans: Library Stacks
|t 0
|e LB2351.2 .H668 1986
|h Library of Congress classification
|i unmediated -- volume
|m A14811689092
|
| 998 |
f |
f |
|a LB2351.2 .H668 1986
|t 0
|l Evans: Library Stacks
|